How to grow leaders (Record no. 108127)
[ view plain ]
| 000 -LEADER | |
|---|---|
| fixed length control field | 01348cam a22002415a 4500 |
| 001 - CONTROL NUMBER | |
| control field | L143341 |
| 008 - FIXED-LENGTH DATA ELEMENTS--GENERAL INFORMATION | |
| fixed length control field | 080428s2007 xxkdo f 001 0 eng d |
| 020 ## - INTERNATIONAL STANDARD BOOK NUMBER | |
| International Standard Book Number | 9780749448394 |
| 035 ## - SYSTEM CONTROL NUMBER | |
| System control number | (Sirsi) u143341 |
| 041 0# - LANGUAGE CODE | |
| Language code of text/sound track or separate title | eng |
| 050 04 - LIBRARY OF CONGRESS CALL NUMBER | |
| Classification number | 658.4 $2 18 |
| 100 1# - MAIN ENTRY--PERSONAL NAME | |
| Personal name | Adair, John |
| 245 00 - TITLE STATEMENT | |
| Title | How to grow leaders |
| Remainder of title | the seven principles of effective leadership development |
| 260 ## - PUBLICATION, DISTRIBUTION, ETC. | |
| Place of publication, distribution, etc. | London |
| Name of publisher, distributor, etc. | Kogan Page |
| Date of publication, distribution, etc. | 2006 |
| 300 ## - PHYSICAL DESCRIPTION | |
| Extent | vi, 184p. |
| Other physical details | ill |
| Dimensions | 24cm. |
| 350 ## - PRICE (NR) (BK AM CF MU VM SE) [OBSOLETE] | |
| Price | 9.99 |
| 505 2# - FORMATTED CONTENTS NOTE | |
| Formatted contents note | Exploring leadership - a personal odyssey: the qualities approach; the group or functional approach; leaders or managers?; the situational approach; levels of leadership -- How to grow leaders - the seven principles: training for leadership; selection; line managers as leadership mentors; the chance to lead; education for leadership; a strategy for leadership development; the chief executive |
| 520 ## - SUMMARY, ETC. | |
| Summary, etc. | Discusses leadership development and answers questions on the selection, training and education of leaders. Includes sections on: the manager as leader; training team leaders and how to be a top strategic leader. Argues that leadership is not a soft skill, but rather a key factor in business success that can be developed in individuals. |
| 521 ## - TARGET AUDIENCE NOTE | |
| Target audience note | Advanced |
| 651 #4 - SUBJECT ADDED ENTRY--GEOGRAPHIC NAME | |
| Geographic name | International |
| 690 ## - LOCAL SUBJECT ADDED ENTRY--TOPICAL TERM (OCLC, RLIN) | |
| Topical term or geographic name as entry element | MANAGEMENT-BUSINESS MANAGEMENT |
| 942 ## - ADDED ENTRY ELEMENTS (KOHA) | |
| Suppress in OPAC | 0 |
| Withdrawn status | Lost status | Source of classification or shelving scheme | Damaged status | Not for loan | Home library | Current library | Shelving location | Date acquired | Cost, normal purchase price | Total Checkouts | Full call number | Barcode | Date last seen | Date last checked out | Copy number | Cost, replacement price | Price effective from | Koha item type |
|---|---|---|---|---|---|---|---|---|---|---|---|---|---|---|---|---|---|---|
| Dewey Decimal Classification | London | London | Books | 30/07/2008 | 9.99 | 3 | 658.4 ADA | 30074918 | 06/08/2019 | 04/08/2009 | 1 | 9.99 | 06/08/2019 | Book |